000 00615cam a2200253 a 4500
001 61258
005 20230410124102.0
008 951024s1995 fr 000 1 fre c
035 _9(DLC) 95217809
035 _a2100350
942 _2lcc
_cbk
010 _a 95217809
020 _a2020257599
040 _aCtY
_cCtY
_dDLC
042 _alcnccp
082 0 0 _a843
_220
050 1 4 _aM464i 1995
100 1 _aMaximin, Daniel,
_d1947-
245 1 2 _aL'ile et une nuit :
_broman /
_cDaniel Maximin.
260 _aParis :
_bSeuil,
_cc1995.
300 _a171 p. ;
_c21 cm.
922 _aap
946 _almminaya
999 _c70703
_d70703